[Event "45th FIDE Chess Olympiad Open"]
[Site "Budapest, Hungary"]
[Date "2024.09.12"]
[Round "2"]
[White "Naiditsch, Arkadij"]
[Black "Pasko, Llambi"]
[Result "1/2-1/2"]
[WhiteElo "2643"]
[BlackElo "2396"]
[PlyCount "174"]
[EventDate "2024.??.??"]
[WhiteTeam "Bulgaria"]
[BlackTeam "Albania"]
[WhiteTeamCountry "BUL"]
[BlackTeamCountry "ALB"]
[WhiteClock "0:06:28"]
[BlackClock "0:06:16"]

1. e4 e5 2. Nf3 Nc6 3. Bb5 a6 4. Ba4 Nf6 5. d3 b5 6. Bb3 Bc5 7. Nc3 h6 8. Nd5 d6 9. c3 Rb8 10. O-O O-O 11. d4 Ba7 12. dxe5 Nxe5 13. Nxe5 dxe5 14. Qf3 Nxd5 15. Bxd5 Qh4 $146 ({RR} 15... Be6 16. Bxe6 fxe6 17. Qe2 Qh4 18. g3 Qh3 19. Be3 Bxe3 20. Qxe3 Rbd8 21. Rad1 Qg4 22. Rd3 Rxd3 23. Qxd3 Rf3 24. Qd8+ Rf8 25. Qd3 Rf3 26. Qd8+ Rf8 27. Qxc7 Qxe4 28. Qd6 Qd5 29. Qxd5 exd5 30. Rd1 {1-0 Engel,L (2279)-Gatineau,Y (2222) Wch FIDE Online U18 Europe qual rapid 2020 (3)}) 16. a4 Bb6 17. h3 Be6 18. Rd1 Bxd5 19. Rxd5 Rfd8 20. axb5 axb5 21. Be3 Rxd5 22. exd5 Bxe3 23. Qxe3 Qe7 24. Ra5 Qd6 25. Qe4 g6 26. g4 Kg7 27. Kf1 Kg8 28. Ke2 Qc5 29. Ra6 Rd8 30. Rc6 Qxd5 31. Qxd5 Rxd5 32. Rxc7 Kg7 33. b4 Kf6 34. h4 Ke6 35. Rb7 e4 36. Ke3 Rd3+ 37. Kxe4 Rxc3 38. Rb6+ Kd7 39. Rxb5 Rc4+ 40. Kf3 h5 41. gxh5 gxh5 42. Kg3 Rg4+ 43. Kh3 Ke7 44. f3 Rc4 45. Kg3 Kf6 46. Rb8 Kf5 47. b5 f6 48. Rh8 Kg6 49. Rd8 Rc5 50. b6 Rb5 51. Rd6 Kf5 52. Kf2 Ke5 53. Rc6 f5 54. Ke3 Rb3+ 55. Kd2 Kf4 56. Rd6 Kg3 57. Kc2 Rb5 58. Kc3 f4 59. Kc4 Rb1 60. Kc5 Kxf3 61. Rd4 Kg4 62. Rc4 Kxh4 63. Rxf4+ Kg3 64. Rb4 Rc1+ 65. Kd6 Rc8 66. Rb3+ Kg2 67. Rb2+ Kg3 68. Rb3+ Kg2 69. b7 Rb8 70. Ke5 Kf2 71. Kf4 Ke2 72. Rb2+ Kd3 73. Ke5 Ke3 74. Rb3+ Kf2 75. Kf4 Ke2 76. Re3+ Kf2 77. Re7 h4 78. Kg4 h3 79. Kxh3 Kf3 80. Kh2 Kf4 81. Kg2 Kf5 82. Kf3 Kf6 83. Rh7 Ke5 84. Ke3 Kd5 85. Kd3 Kc6 86. Kc4 Rxb7 87. Rxb7 Kxb7 1/2-1/2

[Event "45th FIDE Chess Olympiad Open"]
[Site "Budapest, Hungary"]
[Date "2024.09.12"]
[Round "2"]
[White "Mehmeti, Dritan"]
[Black "Petkov, Momchil"]
[Result "0-1"]
[WhiteElo "2364"]
[BlackElo "2540"]
[PlyCount "46"]
[EventDate "2024.??.??"]
[WhiteTeam "Albania"]
[BlackTeam "Bulgaria"]
[WhiteTeamCountry "ALB"]
[BlackTeamCountry "BUL"]
[WhiteClock "0:14:07"]
[BlackClock "0:34:51"]

1. d4 Nf6 2. Nf3 g6 3. g3 Bg7 4. Bg2 O-O 5. O-O d6 6. c4 Nbd7 7. Nc3 e5 8. e3 c6 9. b3 e4 10. Nd2 d5 11. cxd5 ({RR} 11. a4 Re8 12. b4 Nf8 13. a5 Bg4 14. Qa4 a6 15. h3 Bf5 16. Qd1 h5 17. cxd5 cxd5 18. Na4 Ne6 19. Nb6 Rb8 20. b5 Ng5 21. Kh2 Bf8 22. bxa6 bxa6 23. Qe2 Bd6 24. Ba3 h4 25. Rfc1 hxg3+ {0-1 Vajda,L (2599)-Cuhendi,S (2406) Dunajska Streda 2017 (5)}) ({RR} 11. Bb2 Nb6 12. f3 exf3 13. Qxf3 Bf5 14. Rae1 Bd3 15. Rf2 dxc4 16. Nce4 Nxe4 17. Nxe4 cxb3 18. axb3 Qd5 19. Nf6+ Bxf6 20. Qxf6 Qe6 21. Qh4 f5 22. Qh6 Nd5 23. Ba3 Rfe8 24. g4 Nxe3 25. gxf5 Nxf5 {0-1 Minina,V (2057)-Alonso Orta,O (2009) Titled Tue 9th Jul Late 2024 (4)}) 11... cxd5 12. a4 Nb8 $146 ({RR} 12... a6 13. b4 Re8 14. a5 Nf8 15. Na4 h5 16. h3 N8h7 17. Nb6 Rb8 18. Nb3 Bf5 19. Bd2 Ng5 20. Kh2 Bf8 21. h4 Bg4 22. f3 Nxf3+ 23. Rxf3 Bd6 24. Rc1 exf3 25. Bxf3 Ne4 26. Be1 Qxh4+ {0-1 Conti,A (2000)-Ramirez,R (1750) Caracas op 1st 2012 (4)}) ({RR} 12... a6 13. Kh1 b6 14. f3 exf3 15. Qxf3 Bb7 16. Ba3 Re8 17. Qf4 Nf8 18. Bxf8 Rxf8 19. Rac1 Qe7 20. Ne2 Rac8 21. Bh3 Rxc1 22. Rxc1 Qb4 23. Nf3 Qxb3 24. Rc7 Nh5 25. Qg5 Bf6 26. Qh6 Qb1+ 27. Kg2 {1-0 Eltigani,O (2171)-Amstadt,A (2219) HUN-ch U14 Balatonlelle 2009 (8)}) 13. b4 Nc6 14. Ba3 Bg4 15. Qb1 Re8 16. Rc1 Qd7 17. b5 Nd8 18. Rc2 h5 19. Qf1 Ne6 20. Rac1 Ng5 21. h4 Nf3+ 22. Bxf3 exf3 23. Nd1 Bh3 0-1

[Event "45th FIDE Chess Olympiad Open"]
[Site "Budapest, Hungary"]
[Date "2024.09.12"]
[Round "2"]
[White "Grigorov, Grigor"]
[Black "Veleshnja, Zino"]
[Result "1-0"]
[WhiteElo "2514"]
[BlackElo "2294"]
[PlyCount "123"]
[EventDate "2024.??.??"]
[WhiteTeam "Bulgaria"]
[BlackTeam "Albania"]
[WhiteTeamCountry "BUL"]
[BlackTeamCountry "ALB"]
[WhiteClock "0:07:31"]
[BlackClock "0:01:19"]

1. Nf3 Nf6 2. g3 e6 3. Bg2 d5 4. c4 dxc4 5. Qa4+ c6 6. Qxc4 b5 7. Qc2 Bb7 8. Nc3 a6 9. a4 Nbd7 10. O-O b4 11. Nb1 Be7 12. a5 O-O 13. d3 c5 14. Nbd2 e5 $146 ({RR} 14... Bd6 15. Nc4 Bc7 16. e4 h6 17. h3 Rc8 18. Be3 Qe7 19. Nfd2 e5 20. f4 Nh5 21. f5 Nxg3 22. Rf2 Nh5 23. Kh2 Nf4 24. Rg1 g5 25. Bf1 Kh8 26. Qd1 Nf6 27. b3 Rg8 28. Qa1 N6h5 29. Nf3 {½-½ Sagar,S (2359)-Galinsky,T (2439) Golden Sands Europe op 2nd 2013 (7)}) 15. e4 Bc6 16. Nc4 Qc7 17. Bh3 Bb5 18. Be3 Rfd8 19. Nfd2 h5 20. Nb3 Ng4 21. Bd2 Qc6 22. f3 Ngf6 23. Bg5 Bxc4 24. Qxc4 Qb5 25. Qxb5 axb5 26. Rfc1 c4 27. dxc4 Nc5 28. Nxc5 Bxc5+ 29. Kh1 Bd4 30. Rab1 Rxa5 31. c5 Ra7 32. c6 Rc7 33. Bf1 Rb8 34. Bd2 Rb6 35. Bxb4 Rbxc6 36. Rxc6 Rxc6 37. Be1 Nh7 38. h4 g5 39. b4 gxh4 40. gxh4 Rg6 41. Kh2 Bg1+ 42. Kh3 Bd4 43. Bxb5 Rg1 44. Bd3 Rg6 45. b5 Nf8 46. Bg3 Rf6 47. Kg2 Ng6 48. Bc4 Kg7 49. Bf2 Nf4+ 50. Kf1 Ne6 51. Be2 Nc5 52. b6 Nd7 53. b7 Nb8 54. Rb4 Bxf2 55. Kxf2 Rc6 56. Bc4 f5 57. exf5 Kf6 58. Bd5 Rc2+ 59. Kg3 Rd2 60. Rb6+ Ke7 61. Re6+ Kd7 62. Be4 1-0

[Event "45th FIDE Chess Olympiad Open"]
[Site "Budapest, Hungary"]
[Date "2024.09.12"]
[Round "2"]
[White "Kozak, Adam"]
[Black "Greet, Andrew N"]
[Result "1-0"]
[WhiteElo "2609"]
[BlackElo "2405"]
[PlyCount "65"]
[EventDate "2024.??.??"]
[WhiteTeam "Hungary B"]
[BlackTeam "Scotland"]
[BlackTeamCountry "SCO"]
[WhiteClock "0:02:39"]
[BlackClock "0:03:16"]

1. d4 Nf6 2. c4 e6 3. Nc3 Bb4 4. Qc2 d5 5. a3 Bxc3+ 6. Qxc3 O-O 7. Nf3 dxc4 8. Qxc4 b6 9. Bg5 c5 ({RR} 9... Ba6 10. Qc2 h6 11. Bh4 c5 12. e4 Bxf1 13. Rxf1 g5 14. Bg3 cxd4 15. Rd1 Qc8 16. Qe2 Qa6 17. Bxb8 Qxe2+ 18. Kxe2 Raxb8 19. Rxd4 Rbc8 20. Rfd1 Rc2+ 21. R1d2 Rfc8 22. Ne5 Rc1 23. Rd8+ Rxd8 24. Rxd8+ {1-0 Morozevich,A (2771)-Topalov,V (2796) Amber-blindfold 18th rapid 2009 (4)}) 10. dxc5 bxc5 11. e4 h6 12. Be3 $146 ({RR} 12. Bxf6 Qxf6 13. e5 Qe7 14. Rc1 Nd7 15. Bd3 Rb8 16. Rc2 Rb6 17. Qe4 g6 18. Qe3 Bb7 19. Be4 Bxe4 20. Qxe4 Rfb8 21. Qe2 R6b7 22. O-O Nb6 23. Nd2 Kg7 24. g3 Nd5 25. Nc4 Rb3 26. Na5 R3b6 {1-0 Csonka,B (2497)-Svane,R (2625) Julius Baer Play-In 2023 (5.56)}) 12... Ba6 13. Qc2 Bxf1 14. Kxf1 Nbd7 15. g3 Qb6 16. Kg2 Qb7 17. Nd2 Rab8 18. b3 Ng4 19. Rhe1 Rfc8 20. h3 Nxe3+ 21. Rxe3 Rc6 22. Nc4 Qc7 23. Qc3 Nb6 24. Ne5 Rd6 25. Rc1 Rc8 26. Qe1 f6 27. Nf3 Qb7 28. Rec3 c4 29. e5 Rdc6 30. exf6 cxb3 31. Rxc6 Rxc6 32. f7+ Kf8 33. Qb4+ 1-0

[Event "45th FIDE Chess Olympiad Open"]
[Site "Budapest, Hungary"]
[Date "2024.09.12"]
[Round "2"]
[White "Olson, Hamish"]
[Black "Banusz, Tamas"]
[Result "0-1"]
[WhiteElo "2384"]
[BlackElo "2605"]
[PlyCount "72"]
[EventDate "2024.??.??"]
[WhiteTeam "Scotland"]
[BlackTeam "Hungary B"]
[WhiteTeamCountry "SCO"]
[WhiteClock "0:04:55"]
[BlackClock "0:22:50"]

1. Nf3 Nf6 2. g3 d5 3. Bg2 c6 4. O-O Bg4 5. d4 e6 6. Nbd2 Be7 7. Re1 O-O 8. e4 Bh5 ({RR} 8... a5 9. c3 a4 10. a3 Bh5 11. e5 Nfd7 12. h3 b5 13. Nf1 c5 14. dxc5 Nxc5 15. g4 Bg6 16. Nd4 Qb6 17. Be3 Nc6 18. f4 Be4 19. Bxe4 dxe4 20. Qc2 Na5 21. Re2 Nc4 22. Bf2 Nd3 23. Rxe4 {½-½ Mamedyarov,S (2726)-Morozevich,A (2770) Wch Blitz 6th 2012 (17)}) 9. c3 h6 10. h4 $146 ({RR} 10. a4 Nbd7 11. a5 a6 12. Qb3 Rb8 13. c4 Bg6 14. exd5 exd5 15. c5 Ne8 16. Nf1 Nc7 17. Bf4 Re8 18. Bh3 Bh7 19. Ne5 Nf8 20. Qf3 Bf6 21. Ne3 Nfe6 22. Rad1 Nxd4 23. Rxd4 Bxe5 24. Nxd5 Bxd4 {0-1 Ciuksyte,D (2318)-Tsolakidou,S (2340) EU-chT (Women) 21st 2017 (2.2)}) ({RR} 10. Qb3 Qc7 11. Ne5 Nbd7 12. Nxd7 Qxd7 13. exd5 exd5 14. Nf3 Bxf3 15. Bxf3 Bd6 16. Qc2 Rfe8 17. Bd2 Bc7 18. Kg2 h5 19. h4 g6 20. Bg5 Nh7 21. Bd2 Nf6 22. Bg5 Nh7 23. Bd2 Nf6 {½-½ Valdes,L (2369)-Wang,J (2504) 17th American Continental 2024 (4.8)}) ({RR} 10. Qb3 Qc7 11. Ne5 Nbd7 12. f4 Rfd8 13. Nxd7 Qxd7 14. e5 Ne8 15. Nf1 Nc7 16. Be3 a5 17. Qc2 a4 18. Bh3 Bg6 19. Qf2 a3 20. b3 h5 21. Rac1 b6 22. Red1 Rac8 23. Bg2 Na6 24. Qe2 Qb7 {0-1 Gabuzyan,H (2607)-Ter Sahakyan,S (2605) Lake Sevan Martuni 2016 (4)}) ({RR} 10. h3 Nbd7 11. e5 Nh7 12. Nb3 a5 13. Be3 Ng5 14. g4 Nxf3+ 15. Qxf3 Bg6 16. Qe2 a4 17. Nd2 Qb6 18. Nf1 Qa6 19. f4 Qxe2 20. Rxe2 b5 21. a3 Nb6 22. Rd1 Nc4 23. Bc1 Rfd8 24. Ng3 Bh4 {½-½ Kunin,V (2502)-Halkias,S (2565) Politiken Cup 35th 2013 (8)}) 10... Nbd7 11. e5 Ne8 12. Bh3 Nc7 13. Nf1 f5 14. N1h2 c5 15. Bf1 cxd4 16. cxd4 Rc8 17. Be2 Na6 18. a3 Qb6 19. Be3 Rfe8 20. Qd2 Bf8 21. Rec1 Nab8 22. g4 fxg4 23. Ne1 Nc6 24. b4 a5 25. b5 Ne7 26. Ng2 Nf5 27. Rxc8 Rxc8 28. Nxg4 Bg6 29. Nf4 Bh7 30. h5 Be7 31. Kh2 Bg5 32. Ng6 Bxe3 33. fxe3 Bxg6 34. hxg6 Qd8 35. Kg2 h5 36. e4 dxe4 0-1

[Event "45th FIDE Chess Olympiad Open"]
[Site "Budapest, Hungary"]
[Date "2024.09.12"]
[Round "2"]
[White "Antal, Gergely"]
[Black "Waldhausen Gordon, Frederick"]
[Result "1/2-1/2"]
[WhiteElo "2544"]
[BlackElo "2351"]
[PlyCount "66"]
[EventDate "2024.??.??"]
[WhiteTeam "Hungary B"]
[BlackTeam "Scotland"]
[BlackTeamCountry "SCO"]
[WhiteClock "0:02:53"]
[BlackClock "0:33:56"]

1. e4 e5 2. Nf3 Nc6 3. Bc4 Nf6 4. d3 Bc5 5. a4 d6 6. a5 a6 7. c3 O-O 8. O-O h6 9. Be3 Bxe3 10. fxe3 Be6 11. Bxe6 fxe6 12. Nbd2 d5 13. h3 Qd6 14. Qc2 Rad8 15. d4 exd4 16. exd4 Nxe4 $146 ({RR} 16... e5 17. exd5 Qxd5 18. dxe5 Nxe5 19. Nxe5 Qxe5 20. Nf3 Qe4 21. Qb3+ Qd5 22. Qb4 c5 23. Qa4 Qe4 24. Rfe1 Qxa4 25. Rxa4 Rfe8 26. Rxe8+ Rxe8 27. Rc4 Nd7 28. b4 Rc8 29. Kf2 Kf7 30. Ke3 Ke6 31. Re4+ {0-1 Matlakov,M (2674)-Caruana,F (2792) Titled Tuesday intern op 01st Mar Early blitz 2022 (8)}) 17. Nxe4 dxe4 18. Qxe4 Qd5 19. Qxd5 exd5 20. Ne1 Rxf1+ 21. Kxf1 Ne7 22. Nd3 Nf5 23. Nc5 Nd6 24. Re1 Kf7 25. b3 b6 26. Nxa6 Nb5 27. Nb4 bxa5 28. Nc6 Rd6 29. Ne5+ Kg8 30. Rc1 Ra6 31. Ke2 a4 32. bxa4 Rxa4 33. Kd3 Ra2 1/2-1/2

[Event "45th FIDE Chess Olympiad Open"]
[Site "Budapest, Hungary"]
[Date "2024.09.12"]
[Round "2"]
[White "Abdulla, Murad"]
[Black "Papp, Gabor"]
[Result "1/2-1/2"]
[WhiteElo "2312"]
[BlackElo "2550"]
[PlyCount "64"]
[EventDate "2024.??.??"]
[WhiteTeam "Scotland"]
[BlackTeam "Hungary B"]
[WhiteTeamCountry "SCO"]
[WhiteClock "0:12:23"]
[BlackClock "0:13:50"]

1. e4 c5 2. c3 d5 3. exd5 Qxd5 4. d4 Nf6 5. Nf3 e6 6. Na3 Nc6 7. Nb5 Qd8 8. dxc5 ({RR} 8. Bf4 Nd5 9. Bg5 Be7 10. c4 Nf6 11. dxc5 Bxc5 12. Qxd8+ Kxd8 13. O-O-O+ Ke7 14. Bh4 a6 15. Nc3 b6 16. Bd3 Bb7 17. Rhe1 Rhd8 18. a3 Kf8 19. Na4 Nd4 20. Ne5 a5 21. f3 Rac8 22. Kb1 Nc6 {½-½ Mamedov,R (2654)-Quparadze,G (2463) Silkway Cup Online blitz 2020 (5)}) 8... Bxc5 9. Be2 $146 ({RR} 9. Bf4 Nd5 10. Bg3 a6 11. Nbd4 Nxd4 12. Nxd4 O-O 13. Be2 b5 14. O-O Bb7 15. Bf3 Qb6 16. Nb3 Be7 17. Qd4 Qxd4 18. Nxd4 Rfd8 19. Rfd1 Rac8 20. a3 Bf6 21. Nb3 Ba8 22. Rd3 g6 23. Rad1 Kg7 {0-1 Golek,J (2009)-Gumularz,S (2241) Krakow op-A 25th 2014 (4)}) ({RR} 9. Qxd8+) ({RR} 9. Qxd8+) ({RR} 9. Bf4 Nd5 10. Bg3 a6 11. Nbd4 Bd7 12. Be2 O-O 13. O-O Qb6 14. Nb3 Be7 15. c4 Nf6 16. c5 Qd8 17. Rc1 Rc8 18. Nfd2 Nb4 19. Nc4 Nxa2 20. Ra1 Nb4 21. Nb6 Bc6 22. Nxc8 Qxc8 23. Qd2 Nbd5 {1-0 Obodenko,A (2263)-Murzin,L (2104) Nezhmetdinov Memorial 38th 2016 (5)}) 9... Qxd1+ 10. Bxd1 Ke7 11. a4 a6 12. Na3 Rd8 13. Bc2 b5 14. b4 Bd6 15. axb5 axb5 16. Bb2 Rb8 17. Ke2 Nd5 18. g3 h6 19. Bd3 Nc7 20. Nc2 Bb7 21. Rhd1 Be5 22. Ncd4 Bxd4 23. Nxd4 Nxd4+ 24. cxd4 Ra8 25. d5 Nxd5 26. Bxg7 f6 27. Rdc1 Rxa1 28. Rxa1 Nc3+ 29. Ke3 Nd5+ 30. Ke2 Nc3+ 31. Ke3 Nd5+ 32. Ke2 Nc3+ 1/2-1/2

[Event "45th FIDE Chess Olympiad Open"]
[Site "Budapest, Hungary"]
[Date "2024.09.12"]
[Round "2"]
[White "Tran, Thanh Tu"]
[Black "Demchenko, Anton"]
[Result "0-1"]
[WhiteElo "2387"]
[BlackElo "2597"]
[PlyCount "84"]
[EventDate "2024.??.??"]
[WhiteTeam "Japan"]
[BlackTeam "Slovenia"]
[WhiteTeamCountry "JPN"]
[BlackTeamCountry "SLO"]
[WhiteClock "0:26:15"]
[BlackClock "0:29:53"]

1. Nf3 Nf6 2. d4 b6 3. Bf4 Bb7 4. h3 g6 5. e3 Bg7 6. Be2 O-O 7. O-O d6 8. c4 Nbd7 9. Nc3 Ne4 10. Nxe4 Bxe4 11. Nd2 Bb7 12. Bf3 Qc8 13. Qc2 ({RR} 13. Bxb7 Qxb7 14. Qf3 Rab8 15. Bg5 Rfe8 16. Qxb7 Rxb7 17. b3 e5 18. Nf3 h6 19. Bh4 e4 20. Ne1 b5 21. cxb5 Rxb5 22. Nc2 Nb6 23. Rfc1 Nd5 24. Na3 Ra5 25. Nc4 Ra6 26. Bg3 f5 27. a3 f4 {0-1 Prie,E (2502)-Vachier Lagrave,M (2727) FRA-chT Top 16 GpA 2010 (4)}) ({RR} 13. Bxb7 Qxb7 14. Rc1 e5 15. dxe5 dxe5 16. Bh2 Rad8 17. Qf3 Qxf3 18. Nxf3 f6 19. Rfd1 Nc5 20. b4 Nd3 21. Rb1 Rd7 22. Ne1 Rfd8 23. Nxd3 Rxd3 24. Rxd3 Rxd3 25. c5 b5 26. g4 Kf7 27. Kg2 Ke6 {1-0 Manukyan,S (2211)-Green,A (2123) Titled Tue 27th Aug Late 2024 (1)}) ({RR} 13. Bxb7 Qxb7 14. Qf3 Rab8 15. Qxb7 Rxb7 16. Nf3 c5 17. Rac1 h6 18. Rfd1 f5 19. Bh2 g5 20. b3 Nb8 21. Rc2 Nc6 22. d5 Nb4 23. Re2 b5 24. h4 Bf6 25. hxg5 hxg5 26. a3 Na6 27. e4 bxc4 {0-1 Olcum,A (2267)-Demchenko,A (2671) Lisbon Portugal op 2018 (2)}) 13... e5 14. dxe5 dxe5 15. Bg3 a5 $146 ({RR} 15... Nc5 16. b4 e4 17. Bg4 f5 18. Be2 Bxa1 19. Rxa1 Ne6 20. Be5 Qd7 21. Nb3 Rad8 22. Bb2 c5 23. bxc5 bxc5 24. Qc3 Qg7 25. Qc2 Qe7 26. Qc3 Kf7 27. Qe5 Bc6 28. h4 h5 29. g3 Ba4 30. Bd1 {½-½ Kovanova,B (2368)-Maltsevskaya,A (2271) RUS-ch rapid (Women) 2017 (8)}) 16. Bxb7 Qxb7 17. Qe4 c6 18. Qh4 f5 19. Nf3 Rae8 20. Rab1 Nc5 21. b4 axb4 22. Rxb4 h5 23. Qg5 Qf7 24. Nxe5 Bxe5 25. Bxe5 Rxe5 26. Rxb6 Ne4 27. Qf4 Re6 28. Rb8 Rxb8 29. Qxb8+ Re8 30. Qb4 f4 31. exf4 Qxf4 32. Qb6 Qf6 33. a4 c5 34. Qb5 Rf8 35. Qb7 Ng3 36. Qd5+ Kh7 37. Rb1 Qxf2+ 38. Kh2 Qf4 39. Kg1 h4 40. Qb7+ Rf7 41. Qb6 Qe3+ 42. Kh2 Rf1 0-1

[Event "45th FIDE Chess Olympiad Open"]
[Site "Budapest, Hungary"]
[Date "2024.09.12"]
[Round "2"]
[White "Subelj, Jan"]
[Black "Nanjo, Ryosuke"]
[Result "1-0"]
[WhiteElo "2498"]
[BlackElo "2372"]
[PlyCount "63"]
[EventDate "2024.??.??"]
[WhiteTeam "Slovenia"]
[BlackTeam "Japan"]
[WhiteTeamCountry "SLO"]
[BlackTeamCountry "JPN"]
[WhiteClock "0:19:22"]
[BlackClock "0:01:11"]

1. e4 {Szabo,Krisztian Ftacnik,Lubomir} c5 2. Nf3 d6 3. d4 cxd4 4. Nxd4 Nf6 5. Nc3 a6 6. Bg5 e6 7. f4 h6 8. Bh4 Qb6 9. a3 ({RR} 9. Qd2 Qxb2) ({RR} 9. Qd2) 9... Be7 10. Bf2 Qc7 ({RR} 10... Qxb2 11. Na4) 11. Qf3 b5 ({RR} 11... Nbd7 12. O-O-O b5 13. g4 Bb7 14. h4 ({RR} 14. Bd3 g5 15. f5 Ne5 16. Qe2 Nxd3+ 17. cxd3 e5 18. Nc2 h5 19. gxh5 Nxh5 20. Kb1 Nf4) ({RR} 14. Bg2 g5 ({RR} 14... Rc8 15. Kb1 g5 ({RR} 15... g6 16. f5 gxf5 17. gxf5 e5 18. Nb3 Rg8 19. Rd2 Nb6 20. Bxb6 Qxb6) 16. f5 ({RR} 16. Qh3 Nc5 17. Rhe1 h5 18. Nf5 Ncxe4 19. Bxe4 Nxe4 20. Bd4 Rg8 21. Nxe7 Kxe7 22. gxh5 gxf4 23. Qh4+) 16... e5 17. Nb3 Nxe4 18. Nxe4 Qxc2+ 19. Ka2 Bxe4 20. Qxe4 Qxf2 21. Rhf1 Qb6) 15. h4 ({RR} 15. f5 e5 16. Nb3 h5 17. h3 Rc8 18. Rhe1 Nb6 19. Kb1 Nc4 20. Rd3 Bc6 21. Qe2 a5) 15... gxf4 16. g5 Ne5 17. Qxf4 Nh5 ({RR} 17... Nfg4 18. g6 Rf8 19. Bg3 h5 20. gxf7+ Rxf7 21. Qd2 Nc4 22. Qe2) 18. Qd2 hxg5 19. hxg5 O-O-O 20. Kb1 Nc4 21. Qc1 Qc5 22. g6 Bg5 23. Nxe6 fxe6 24. Bxc5 Bxc1 25. Kxc1 dxc5) 14... d5 15. e5 ({RR} 15. exd5 Nxd5 16. Bg2 Rc8) 15... Ne4 16. Rh3 ({RR} 16. Nxe4 dxe4 17. Qe3 Bd5 18. Bg2 Qb7) 16... Nxf2 17. Qxf2 b4 18. axb4 ({RR} 18. Nb1 bxa3 19. Nxa3 Nc5) 18... Bxb4 19. f5 Nxe5 20. fxe6 O-O 21. Qg1 ({RR} 21. g5 fxe6 22. Qg3 Rae8 23. gxh6 Rf6 24. hxg7 Bd6) 21... Rae8 22. g5 h5 23. Be2 ({RR} 23. exf7+ Qxf7 24. Bg2 Ng6 25. Rf3 Nf4 26. Rdf1 Qc7) 23... g6 ({RR} 23... fxe6 24. Bxh5 Re7 25. Kb1 Nc4) 24. exf7+ Qxf7 25. Nb3 Nc4 ({RR} 25... Bc8 26. Rg3 Qf4+ 27. Kb1 Bxc3 28. Rxc3 Qxh4 29. Rxd5 Qe4) 26. Rf3 {½-½ Caruana,F (2817)-Vachier Lagrave,M (2803) Grenke Chess Classic 4th 2017 (5)} {RR} Qe7 27. Rxf8+ Rxf8 28. Bxc4 dxc4 29. Nd2 Bc5 30. Qg3) 12. g4 g6 $146 ({RR} 12... Nbd7 13. O-O-O g5 14. h4 gxf4 15. Be2 Ne5 16. Qxf4 Nexg4 17. Bxg4 e5 18. Nd5 Nxd5 19. Qf3 Bxg4 20. Qxg4 Nf6 21. Qf3 Rc8 22. c3 exd4 23. Bxd4 Rg8 24. Bxf6 Bxf6 25. Qxf6 Rg6 26. Qf4 Qe7 27. Rd5 {½-½ Bjerre,J (2436)-Heimisson,H (2241) Helsingor Xtracon op 2018 (8)}) ({RR} 12... Nc6 13. Nxc6 ({RR} 13. Nxc6 Qxc6 14. O-O-O Bb7 15. Bd3 Nd7 16. h4 Nc5 ({RR} 16... Bf6) 17. g5 Nxd3+ 18. Qxd3 Qc4 19. Qf3 Rc8) 13... Qxc6 14. Bd3 Rb8 15. O-O-O b4 16. axb4 Rxb4 17. Be1 Rb8 18. Bd2 Nd7 19. Ne2 Bf6 20. Bc3 Qa4 21. Kd2 Bxc3+ 22. bxc3 Nc5 23. Ra1 Qd7 24. Rhb1 Rxb1 25. Rxb1 Bb7 26. Qe3 O-O 27. h4 {½-½ Bora,S (2484)-Yang,Q (2276) 11th Washington Int 2024 (4.13)}) ({RR} 12... Nc6 13. Nxc6 Qxc6 14. O-O-O Bb7 15. Bd3 Nd7 16. Bd4 e5 17. Be3 exf4 18. Bxf4 Qc5 19. h4 b4 20. axb4 Qxb4 21. g5 Rb8 22. Rdf1 Bc6 23. Nd1 Nc5 24. Bd2 Nxd3+ 25. cxd3 Qb3 26. Bc3 hxg5 27. h5 {0-1 Oleksienko,M (2615)-Kovchan,A (2592) UKR-ch 86th Zhitomir 2017 (11)}) ({RR} 12... Nc6 13. O-O-O Bb7 14. h4 d5 15. e5 ({RR} 15. exd5 Nxd4 16. Bxd4 Nxd5 17. Bxg7 Nxc3 18. Qxc3 Qxc3 ({RR} 18... Qxf4+ 19. Kb1 Bxh1 ({RR} 19... Rc8 20. Bxb5+ axb5 21. Qd3 Qc7 22. Bxh8 Bxh1 23. Rxh1) 20. Bxh8 Bb7) 19. Bxc3 Bxh1 20. Bxh8 Bf3 21. Rd2 Bxg4 22. Bg2 Rd8) 15... Ne4 16. Nxe4 dxe4 17. Qc3 Rc8 18. Rh3 b4 19. axb4 Nxb4 ({RR} 19... Bxb4 20. Qc4 O-O 21. Nxc6 Qxc6 22. Qxc6 Bxc6 23. Be1) 20. Qxc7 Rxc7 21. f5 O-O 22. Be1 Bd5 23. g5 Rfc8 ({RR} 23... hxg5 24. f6 gxf6 25. exf6) ({RR} 23... Nd3+ 24. Bxd3 exd3 25. Rdxd3 hxg5 26. Ba5 Rb7 27. hxg5 exf5 ({RR} 27... Bxg5+ 28. Bd2) 28. Nxf5 Bxg5+ 29. Bd2 Be6 30. Rhf3 Bxd2+ 31. Rxd2 Bxf5 32. Rxf5) 24. Bxb4 Bxb4 25. f6 ({RR} 25. fxe6) 25... Kh7 ({RR} 25... a5) 26. c3 gxf6 27. gxf6 {½-½ Grischuk,A (2750)-Vachier Lagrave,M (2765) London Classic 7th 2015 (4)}) ({RR} 12... Nbd7) 13. f5 gxf5 14. gxf5 e5 15. Nb3 Bb7 16. a4 b4 17. Nd5 Nxd5 18. exd5 Nd7 19. O-O-O Rc8 20. Qe2 Nf6 21. Bg2 Qd7 22. Kb1 Qxa4 23. Nc5 dxc5 24. d6 Bxg2 25. Qxe5 Qd7 26. Rhe1 Be4 27. Rxe4 Nxe4 28. Qxh8+ Bf8 29. Qe5+ Kd8 30. Bh4+ Ng5 31. Bxg5+ hxg5 32. Qf6+ 1-0

[Event "45th FIDE Chess Olympiad Open"]
[Site "Budapest, Hungary"]
[Date "2024.09.12"]
[Round "2"]
[White "Aoshima, Mirai"]
[Black "Sebenik, Matej"]
[Result "0-1"]
[WhiteElo "2385"]
[BlackElo "2515"]
[PlyCount "54"]
[EventDate "2024.??.??"]
[WhiteTeam "Japan"]
[BlackTeam "Slovenia"]
[WhiteTeamCountry "JPN"]
[BlackTeamCountry "SLO"]
[WhiteClock "0:00:38"]
[BlackClock "0:40:17"]

1. d4 Nf6 2. c4 e6 3. Nf3 d5 4. Nc3 Bb4 5. Qa4+ Nc6 6. e3 O-O 7. Qc2 Re8 8. Bd2 a6 9. a3 Bd6 10. c5 ({RR} 10. h3 Bd7 11. cxd5 exd5 12. Bd3 Na7 13. Qb3 c6 14. Qxb7 Nb5 15. Nxb5 axb5 16. Ne5 Rb8 17. Qa6 Ra8 18. Qb7 Rb8 19. Qa6 Ra8 {½-½ Karjakin,S (2773)-Carlsen,M (2855) Bilbao Masters 9th 2016 (8)}) ({RR} 10. h3 Bd7 11. Rd1 h6 12. b4 dxc4 13. Bxc4 e5 14. d5 Ne7 15. e4 Nh5 16. O-O Ng6 17. Rfe1 Qf6 18. Nh2 Ngf4 19. Bf1 Qg6 20. Kh1 Rad8 21. Qb1 Bc8 22. Be3 Nf6 23. Nf3 Qh5 24. Nh2 g5 {0-1 Wang,I (2342)-Ngo,B (2376) ch-USA Cadet 2024 (2)}) 10... Bf8 11. Bd3 $146 ({RR} 11. b4 e5 12. dxe5 Nxe5 13. Be2 Nxf3+ 14. Bxf3 d4 15. Nd1 Ng4 16. O-O Ne5 17. Be4 d3 18. Qb3 Qh4 19. f3 g6 20. g3 Qh5 21. Nb2 Rd8 22. Bc3 Bh6 23. Bd4 Rxd4 24. exd4 Be3+ 25. Kh1 Bxd4 {0-1 Gandrud,V (2330)-Elsness,F (2466) NOR-ch Stavanger 2017 (6)}) 11... e5 12. dxe5 Nxe5 13. Nxe5 Rxe5 14. f4 Re8 15. b4 d4 16. Ne2 dxe3 17. Bc3 Qe7 18. O-O-O a5 19. Kb1 axb4 20. Bxb4 c6 21. Rhe1 g6 22. f5 Bg7 23. Nc3 b6 24. fxg6 hxg6 25. Na4 Nd5 26. Nxb6 Nxb6 27. cxb6 Qxb4+ 0-1